000 00252nam a2200109Ia 4500
005 20251222144739.0
008 251222s9999||||xx |||||||||||||| ||spa||
082 _a617.917.8/N81/T.II
245 0 _aNopa Instruments
264 _bTuttlingen
942 _cLIB
999 _c18871
_d18871